000 00330nam a2200133Ia 4500
005 20251222143156.0
008 251222s9999||||xx |||||||||||||| ||spa||
020 _a84-8164-702-0
082 _a290/T18
100 _aTamayo, Juan José
245 0 _aFundamentalismos y Diálogo entre Religiones
264 _bTrotta
942 _cLIB
999 _c12864
_d12864